[Event "12th Chennai Open 2020"]
[Site "Chennai"]
[Date "2020.01.23"]
[Round "8.18"]
[White "Hesham, Abdelrahman"]
[Black "Pranav Vijay"]
[Result "0-1"]
[WhiteElo "2429"]
[BlackElo "2265"]
[Annotator "ChessBase"]
[PlyCount "111"]
[EventDate "2020.01.19"]
[EventType "swiss"]
[EventCountry "IND"]
[SourceTitle "playchess.com"]
[Source "ChessBase"]
[SourceQuality "1"]
[TimeControl "5400+30"]

1. d4 {[%emt 0:03:38]} Nf6 {[%emt 0:00:00]} 2. c4 {[%emt 0:00:05]} e6 {[%emt 0:00:00]} 3. Nf3 {[%emt 0:00:06]} b6 {[%emt 0:00:00]} 4. g3 {[%emt 0:00:30]} Ba6 {[%emt 0:00:04]} 5. b3 {[%emt 0:00:15]} d5 {[%emt 0:00:26]} 6. Bg2 {[%emt 0:02:27]} dxc4 {[%emt 0:00:55]} 7. Ne5 {[%emt 0:01:24]} Bb4+ {[%emt 0:00:09]} 8. Kf1 {[%emt 0:02:50]} Bd6 {[%emt 0:00:31]} 9. Nxc4 {[%emt 0:03:19]} Nd5 {[%emt 0:01:16]} 10. Bf3 {[%emt 0:07:20]} Be7 {[%emt 0:13:30]} 11. Kg2 {[%emt 0:00:36]} O-O {[%emt 0:01:22]} 12. e4 {[%emt 0:00:27]} Nf6 {[%emt 0:00:11]} 13. Nc3 {[%emt 0:00:18]} c6 {[%emt 0:06:32]} 14. Bf4 {[%emt 0:14:17]} Nbd7 {[%emt 1:12:04]} 15. Rc1 {[%emt 0:03:08]} Rc8 {[%emt 0:00:00]} 16. Nd6 {[%emt 0:03:21]} Ra8 {[%emt 0:00:00]} 17. h4 {[%emt 0:08:24]} Ne8 {[%emt 0:00:00]} 18. Nc4 {[%emt 0:03:24]} Rc8 {[%emt 0:00:00]} 19. e5 {[%emt 0:11:16]} Bb7 {[%emt 0:00:00]} 20. Ne4 {[%emt 0:01:17]} Rb8 {[%emt 0:00:00]} 21. Qc2 {[%emt 0:03:32]} Nc7 {[%emt 0:00:00]} 22. Ng5 {[%emt 0:00:31]} g6 {[%emt 0:00:00]} 23. Nxh7 {[%emt 0:07:11]} Kxh7 {[%emt 0:00:00]} 24. h5 {[%emt 0:00:02]} Kg7 {[%emt 0:00:00]} 25. hxg6 {[%emt 0:04:42]} fxg6 {[%emt 0:00:00]} 26. Rh6 {[%emt 0:02:14]} Rf5 {[%emt 0:00:00]} 27. g4 {[%emt 0:01:56]} Nf8 {[%emt 0:00:00]} 28. gxf5 {[%emt 0:01:10]} exf5 {[%emt 0:00:00]} 29. Rh2 {[%emt 0:02:37]} Nfe6 {[%emt 0:00:00]} 30. Bh6+ {[%emt 0:00:28]} Kg8 {[%emt 0:00:00]} 31. Ne3 {[%emt 0:00:37]} Nxd4 {[%emt 0:00:00]} 32. Qc4+ {[%emt 0:00:35]} Nce6 {[%emt 0:00:00]} 33. Nxf5 {[%emt 0:05:18]} b5 {[%emt 0:00:00]} 34. Nxe7+ {[%emt 0:00:56]} Qxe7 {[%emt 0:00:00]} 35. Qd3 {[%emt 0:00:20]} Nf5 {[%emt 0:00:16]} 36. Rch1 {[%emt 0:00:46]} Rd8 {[%emt 0:00:31]} 37. Qb1 {[%emt 0:03:19]} c5 {[%emt 0:01:41]} 38. Rh3 {[%emt 0:02:23]} Bxf3+ {[%emt 0:01:36]} 39. Rxf3 {[%emt 0:00:03]} Qb7 {[%emt 0:00:11]} 40. Be3 {[%emt 0:01:01]} Rf8 {[%emt 0:00:08]} 41. Qd3 {[%emt 0:01:15]} Rd8 {[%emt 0:00:50]} 42. Qb1 {[%emt 0:00:33]} Kg7 {[%emt 0:00:56]} 43. Rhh3 {[%emt 0:00:28]} Nxe3+ {[%emt 0:01:17]} 44. fxe3 {[%emt 0:00:04]} Rd2+ {[%emt 0:00:03]} 45. Kf1 {[%emt 0:01:14]} Qd5 {[%emt 0:00:22]} 46. Ke1 {[%emt 0:00:00]} Rg2 {[%emt 0:00:12]} 47. Rf2 {[%emt 0:01:08]} Ng5 {[%emt 0:00:51]} 48. Rh1 {[%emt 0:00:42]} Nf3+ {[%emt 0:01:34]} 49. Ke2 {[%emt 0:00:30]} Qd2+ {[%emt 0:01:08]} 50. Kxf3 {[%emt 0:00:03]} Qxf2+ {[%emt 0:00:04]} 51. Ke4 {[%emt 0:00:01]} Qf5+ {[%emt 0:00:04]} 52. Kd5 {[%emt 0:00:10]} Rd2+ {[%emt 0:00:02]} 53. Kxc5 {[%emt 0:01:08]} Qxe5+ {[%emt 0:00:21]} 54. Kb4 {[%emt 0:00:05]} Qd6+ {[%emt 0:00:13]} 55. Kc3 {[%emt 0:00:08]} Re2 {[%emt 0:00:10]} 56. Qa1 {[%emt 0:01:27]} 0-1

[Event "12th Chennai Open 2020"]
[Site "Chennai"]
[Date "2020.01.23"]
[Round "8.19"]
[White "Khusenkhojaev, Muhammad"]
[Black "Murali Krishnan B T"]
[Result "1-0"]
[WhiteElo "2420"]
[BlackElo "2202"]
[Annotator "TA"]
[PlyCount "151"]
[EventDate "2020.01.19"]
[EventType "swiss"]
[EventCountry "IND"]
[SourceTitle "playchess.com"]
[Source "ChessBase"]
[SourceQuality "1"]

{[%evp 9,183,-25,35,33,41,42,60,83,94,56,59,56,98,56,43,38,51,58,51,35,40,15,18,0,12,-6,44,0,0,0,0,0,13,9,18,0,26,26,31,33,29,31,29,29,36,20,33,26,27,0,48,36,47,35,41,21,25,24,25,17,32,14,16,8,11,2,7,0,0,0,0,0,0,0,0,0,0,-8,0,0,0,0,0,0,0,-2,-2,-2,-6,-11,0,0,0,0,0,0,0,0,0,-8,0,0,0,0,0,0,0,0,0,0,0,0,0,0,0,0,0,0,8,0,6,0,0,0,0,0,0,0,0,0,0,0,0,0,3,6,8,0,8,8,8,8,14,12,16,8,24,24,24,24,27,25,37,20,668,668,668,668,588,588,29977,29978,29979,29980,29980,29981,29981,29982,29982,29983,29983,29984,29983,29983,29990,29984]} 1. c4 e6 2. Nf3 d5 3. d4 dxc4 4. g3 c5 5. Bg2 cxd4 ({Black should try} 5... Nc6 $11) (5... Nc6 6. Na3 cxd4 7. Nxc4 Bc5 8. O-O Nge7 9. a3 a5 10. Qc2 O-O 11. Rd1 f6 12. e3 e5 13. Ncxe5 fxe5 {0-1 (35) Ponkratov,P (2630)-Vokhidov,S (2480) St Petersburg 2018}) 6. Qxd4 $14 {D21: Queen's Gambit Accepted: 3 Nf3 sidelines} Qxd4 7. Nxd4 a6 $146 ({Predecessor:} 7... Nf6 8. Nb5 Na6 9. O-O Bc5 10. Nd2 Ke7 11. Nxc4 Bd7 {1-0 (24) Romero Holmes,A (2517)-De la Torre Suarez,A (2157) Calvia 2007}) 8. Nd2 {White is slightly better.} Bc5 9. Nc2 Nc6 10. Nxc4 Bd7 11. Be3 Bxe3 12. N2xe3 Ke7 13. Nb6 Rb8 14. O-O-O Nf6 15. g4 {[#] aiming for g5.} h6 16. h4 Be8 17. f4 Rd8 18. Rxd8 Kxd8 19. Rd1+ Kc7 20. Nbc4 Nd8 21. Bf3 Bb5 22. Rd2 Re8 (22... h5 {keeps more tension.} 23. g5 Ng4 24. Rc2 Nc6 25. Rc3 Nb4) 23. Nd6 Re7 24. Nxb5+ axb5 25. Rd3 Nc6 26. Nc2 Rd7 27. Rb3 Nd5 28. e3 Kb6 29. a4 Na7 30. Na3 {[%cal Ra3b5]} Ka5 31. axb5 Nb4 32. b6 Nac6 33. Nc4+ Ka4 34. Ra3+ Kb5 35. Be2 Kc5 36. b3 {[%cal Bb2b3,Bb3b4][%mdl 32]} Nd5 37. Ra8 Nxb6 38. b4+ Kb5 39. Nxb6+ Kxb6 $11 {[%mdl 4096] Endgame KRB-KRN} 40. Rg8 f6 41. b5 Na7 42. Re8 Nxb5 43. Rxe6+ Kc5 44. g5 hxg5 (44... Nc7 {is more complex.} 45. Re4 Nd5 46. gxh6 gxh6 47. Rc4+ Kd6) 45. hxg5 Nc7 46. Re4 fxg5 47. fxg5 Nd5 48. Rc4+ Kd6 49. Kd2 Ke5 50. Bd3 Rf7 51. Re4+ Kd6 52. Rd4 Kc5 53. Rc4+ Kd6 54. Be4 Ke5 55. Kd3 {[#] And now Rc5 would win.} b6 56. Rd4 Rd7 {...Nb4+ is the strong threat.} 57. Kd2 Rd6 58. Bd3 Ke6 59. Re4+ Kf5 60. Rd4+ Ke6 61. Rc4 Ne7 {Threatens to win with ...Nc6.} 62. Rb4 Nd5 63. Rb3 Ne7 64. Ke2 Nc6 65. Bc4+ Kf5 66. Rb5+ Ne5 67. Ba2 Rc6 {Strongly threatening ...Rc2+.} 68. Bb1+ Ke6 69. Be4 Rd6 70. Kf2 Nd7 71. Bf5+ Ke7 72. Kf3 Nc5 73. Rb4 Rd5 74. Kg4 Rd6 75. Kh5 Kf7 76. Bb1 {Played: Bf5-g6} 1-0

[Event "12th Chennai Open 2020"]
[Site "Chennai"]
[Date "2020.01.24"]
[Round "9.1"]
[White "Ponkratov, Pavel"]
[Black "Bogdanovich, Stanislav"]
[Result "1-0"]
[WhiteElo "2622"]
[BlackElo "2562"]
[Annotator "TA"]
[PlyCount "61"]
[EventDate "2020.01.19"]
[EventType "swiss"]
[EventCountry "IND"]
[SourceTitle "playchess.com"]
[Source "ChessBase"]
[SourceQuality "1"]

{[%evp 9,131,38,65,68,73,53,75,54,51,53,75,39,39,28,30,27,55,49,41,34,43,45,71,89,159,45,56,29,29,33,37,19,76,59,94,98,91,100,95,55,437,220,240,232,242,229,237,186,406,397,481,477,518,247,491,514,465,257,235,237,222,235,349,364,355,359,351,350,334,321,461,308,314,314,314,314,310,264,296,296,315,228,356,325,348,352,341,290,279,264,342,348,340,298,543,537,526,501,495,478,526,538,460,393,449,449,417,407,433,442,1437,1275,2321,2321,2307,2281,2182,2047,1937,1309,29967,2072,6605,29952]} 1. e4 g6 2. d4 Bg7 3. Nc3 d6 4. Be3 a6 5. h4 h6 6. Qd2 {B06: Modern Defence} b5 7. f3 Nd7 8. Nge2 {White is better.} (8. a4 b4 9. Nd1 Rb8 10. Bd3 c5 11. c3 Qc7 12. Nh3 Ngf6 13. O-O e5 {½-½ (60) Adams,M (2701)-McShane,L (2677) London 2019}) 8... Nb6 9. b3 $146 ({Predecessor:} 9. Nf4 c6 10. a4 b4 11. Nd1 a5 12. Bd3 Qc7 13. Qf2 Nf6 14. c4 Nbd7 15. Ne2 {½-½ (30) Burke,M (1974)-Jaunooby,A (2186) Aberystwyth 2014}) 9... Bb7 10. Rd1 e6 11. Nf4 Nf6 12. a4 b4 13. Nce2 a5 $1 14. c3 bxc3 $1 15. Nxc3 Nfd7 16. Nb5 O-O (16... Nf6 $142) 17. Bd3 (17. Rc1 $16) 17... h5 18. Ne2 Qb8 19. Bh6 c6 20. Nbc3 c5 (20... Qd8 $11) 21. Bb5 $16 Bxh6 22. Qxh6 cxd4 23. Nxd4 {And now Bxd7 would win.} d5 24. f4 {Nxe6! is the strong threat.} Rc8 $2 {[%mdl 8192] [#]} (24... Nf6 $1 $14) 25. Nce2 (25. Nxe6 $142 $1 {[%mdl 512]} fxe6 26. Qxg6+ {[%mdl 64] Double Attack} Kf8 27. Rh3) 25... Qd6 $18 {[#]} 26. f5 $1 {[%cal Rf5g6]} exf5 27. exf5 {Threatens to win with Ne6!} Ne5 28. Qf4 $40 {[%mdl 128] Black is in trouble.} Rd8 $2 (28... Qe7 {was called for.} 29. O-O Ng4) 29. O-O Ng4 30. fxg6 fxg6 31. Rc1 {Played: Qf4-f7} 1-0

[Event "12th Chennai Open 2020"]
[Site "Chennai"]
[Date "2020.01.24"]
[Round "9.2"]
[White "Stupak, Kirill"]
[Black "Martinez Alcantara, Jose Eduardo"]
[Result "1/2-1/2"]
[WhiteElo "2506"]
[BlackElo "2606"]
[Annotator "TA"]
[PlyCount "63"]
[EventDate "2020.01.19"]
[EventType "swiss"]
[EventCountry "IND"]
[SourceTitle "playchess.com"]
[Source "ChessBase"]
[SourceQuality "1"]

{[%evp 25,63,20,32,5,18,19,20,23,12,9,7,10,15,5,7,7,1,0,20,6,27,16,16,16,44,40,75,0,22,0,61,65,47,38,77,75,80,12,76,68]} 1. Nf3 c5 2. c4 Nf6 3. d4 cxd4 4. Nxd4 Nc6 5. Nc3 e6 6. Ndb5 d5 7. Bf4 e5 8. cxd5 exf4 9. dxc6 bxc6 10. Qxd8+ Kxd8 11. Rd1+ Bd7 12. Nd6 Bxd6 13. Rxd6 Rb8 14. Rd2 {A33: Symmetrical English: 2 Nf3 Nf6 3 d4 cxd4 4 Nxd4 e6 5 Nc3 Nc6} Re8 15. g3 f3 16. Kd1 {The position is equal.} fxe2+ 17. Bxe2 Kc7 18. Bc4 {[#]} Ng4 $146 ({Predecessor:} 18... Be6 19. Bxe6 Rxe6 20. Re1 Rbe8 21. Rxe6 Rxe6 {½-½ (30) Skoberne,J (2541)-Sebenik,M (2549) Maribor 2017}) 19. h3 Ne5 20. Be2 Be6 21. Kc1 Rb4 22. h4 f6 23. Rhd1 a5 24. b3 Bf5 25. Kb2 Bg4 26. Kc1 (26. Ka3 $16) 26... Bf5 $11 27. Kb2 Bg4 28. Ka3 {Hoping for f4.} Bxe2 29. Nxe2 g5 30. hxg5 fxg5 31. Nd4 (31. Nc3 $16) 31... g4 (31... Kb6 $11 {keeps the balance.}) 32. Rh1 {Accuracy: White = 51%, Black = 41%.} 1/2-1/2

[Event "12th Chennai Open 2020"]
[Site "Chennai"]
[Date "2020.01.24"]
[Round "9.3"]
[White "Aleksandrov, Aleksej"]
[Black "Yudin, Sergei"]
[Result "1/2-1/2"]
[WhiteElo "2592"]
[BlackElo "2508"]
[Annotator "TA"]
[PlyCount "62"]
[EventDate "2020.01.19"]
[EventType "swiss"]
[EventCountry "IND"]
[SourceTitle "playchess.com"]
[Source "ChessBase"]
[SourceQuality "1"]

{[%evp 10,62,51,15,16,18,14,16,12,11,17,0,2,0,16,5,21,4,22,19,19,19,19,19,20,24,22,19,39,32,22,19,19,19,19,19,20,0,0,0,0,0,0,-24,-25,-27,-10,-14,0,0,0,0,0,0,0]} 1. Nf3 d5 2. g3 Nc6 3. d4 Bg4 4. c4 e6 5. Bg2 Nf6 6. Nbd2 Bd6 {D02: 1 d4 d5 2 Nf3 sidelines, including 2...Nf6 3 g3 and 2...Nf6 3 Bf4} 7. O-O a5 $146 ({Predecessor:} 7... O-O 8. b3 Ne4 9. Bb2 f5 10. Ne1 Qg5 11. Nxe4 fxe4 12. f3 Bf5 13. Qc1 Qg6 14. Qe3 {1-0 (48) Meskovs,N (2558)-Koykka,P (2372) Stockholm 2019}) 8. b3 a4 9. bxa4 O-O 10. Bb2 Nd7 11. e4 dxe4 12. Nxe4 Be7 13. d5 Nce5 14. dxe6 {[%mdl 64] [#] Discovered Attack} Nxf3+ 15. Bxf3 Bxe6 16. Qd4 {[%csl Gb2][%cal Rd4g7]} Nf6 17. Nxf6+ Bxf6 18. Qxd8 Rfxd8 19. Bxf6 gxf6 20. Rfb1 Rxa4 21. Rxb7 Bxc4 22. a3 {[%cal Ba2a3,Ba3a4,Ba4a5,Ba5a6,Ba6a7][%mdl 32]} Be6 23. Bc6 Rc4 24. Bg2 Rd2 25. h4 Rcc2 26. a4 Rxf2 27. Be4 Rcd2 {aiming for ...Rfe2.} 28. a5 {[#] Black must now prevent a6.The position is equal.} Rfe2 29. a6 Re3 30. a7 Rxg3+ 31. Kh1 Rh3+ {[%mdl 64] Double Attack. Accuracy: White = 71%, Black = 84%.} 1/2-1/2

[Event "12th Chennai Open 2020"]
[Site "Chennai"]
[Date "2020.01.24"]
[Round "9.4"]
[White "Goganov, Aleksey"]
[Black "Venkatesh, M.R."]
[Result "1/2-1/2"]
[WhiteElo "2583"]
[BlackElo "2501"]
[Annotator "TA"]
[PlyCount "105"]
[EventDate "2020.01.19"]
[EventType "swiss"]
[EventCountry "IND"]
[SourceTitle "playchess.com"]
[Source "ChessBase"]
[SourceQuality "1"]

{[%evp 10,105,16,14,40,37,43,23,37,37,37,29,44,27,36,33,27,25,66,69,112,99,133,130,136,120,123,120,122,110,120,72,77,83,85,88,93,105,128,98,84,86,108,87,75,94,85,52,94,66,118,7,18,10,24,0,92,46,78,83,67,-6,129,12,12,12,25,17,23,25,64,70,208,5,77,93,71,0,0,-8,-8,-8,-8,-12,-3,-12,0,0,0,0,0,0,0,0,0,0,0,-12]} 1. d4 Nf6 2. c4 e6 3. Nf3 Bb4+ 4. Nbd2 O-O 5. a3 Be7 6. e4 d6 {E11: Bogo-Indian} (6... d5 $5 {[%cal Rd5e4]}) (6... d5 7. e5 Nfd7 8. Bd3 c5 9. h4 g6 10. O-O Nc6 11. Nb3 dxc4 12. Bxc4 cxd4 13. Re1 a5 14. Bh6 Re8 15. Rc1 Nb6 {1-0 (39) Ding,L (2804)-Saric,I (2689) Batumi 2018}) 7. Be2 Nbd7 8. Qc2 e5 {White has an edge.} 9. Nb1 c6 10. Nc3 Re8 11. O-O a5 12. Be3 $146 ({Predecessor (2):} 12. Bd2 Bf8 13. b4 axb4 14. axb4 Rxa1 15. Rxa1 exd4 16. Nxd4 d5 17. exd5 cxd5 18. c5 {0-1 (42) Bursa,R (2118)-Jalowiec,H (2065) Wysowa 2007}) 12... Ng4 13. Bd2 $36 {[%mdl 2048] White has the initiative.} Bf8 14. d5 c5 15. Rab1 g6 16. h3 Ngf6 17. b3 Nh5 18. Rfe1 Be7 19. Be3 Ng7 20. b4 axb4 21. axb4 cxb4 22. Rxb4 f5 23. Reb1 f4 24. Bd2 Nc5 25. Ne1 Ra3 26. Nd3 Rxc3 27. Bxc3 {Threatens to win with Nxc5.} Nxe4 28. Ba1 Ng5 29. Bg4 Nf5 (29... f3 $14) 30. Rxb7 (30. f3 $16) 30... Bxb7 $11 31. Rxb7 Qc8 32. Qa4 {aiming for Bxf5.} Kf8 (32... Qxb7 $11 33. Qxe8+ Bf8) 33. Rd7 Qa8 34. Ra7 Qb8 35. Nb4 (35. c5 $14) 35... h5 (35... Ne4 $1 $11 36. Kh2 Nxf2 37. Bxf5 gxf5) 36. Nc6 (36. Bxf5 $1 $16 gxf5 37. Bc3) 36... Qb1+ $1 37. Qd1 Qe4 38. Bxf5 Qxf5 39. f3 {And now c5 would win.} Bf6 40. c5 $1 {[%cal Rc5d6]} Nf7 ({Black should play} 40... e4 $1 $14) 41. Bb2 $2 (41. cxd6 $1 $18 {Strongly threatening d7.} Nxd6 42. Bc3) 41... e4 {[#]} (41... dxc5 $11 {keeps the balance.} 42. Qc1 Kg8) 42. Bxf6 $1 $16 Qxf6 {[#]} 43. Qd4 (43. Nd4 $1 $16) 43... Qh4 $11 {( -> ...exf3). The position is equal.} 44. Qf2 Qxf2+ 45. Kxf2 dxc5 46. fxe4 Rxe4 {[%mdl 4096] Endgame KRN-KRN} 47. h4 Ne5 48. Nxe5 Rxe5 49. d6 Rd5 50. Rc7 Rxd6 51. Rxc5 Rd4 52. Kf3 Kg7 53. g3 {Accuracy: White = 55%, Black = 43%.} 1/2-1/2

[Event "12th Chennai Open 2020"]
[Site "Chennai"]
[Date "2020.01.24"]
[Round "9.5"]
[White "Jubin Jimmy"]
[Black "Rozum, Ivan"]
[Result "0-1"]
[WhiteElo "2193"]
[BlackElo "2573"]
[Annotator "TA"]
[PlyCount "80"]
[EventDate "2020.01.19"]
[EventType "swiss"]
[EventCountry "IND"]
[SourceTitle "playchess.com"]
[Source "ChessBase"]
[SourceQuality "1"]

{[%evp 9,80,20,34,0,29,9,28,-20,-21,-29,12,0,29,0,0,-6,0,-15,62,-4,47,-40,-50,-68,-60,-64,-70,-83,-79,-68,-65,-108,-39,-49,0,-97,-84,-147,-145,-258,-245,-344,-340,-334,-340,-664,-618,-599,-596,-727,-801,-788,-765,-788,-786,-782,-756,-908,-886,-966,-1023,-1064,-1047,-1230,-1150,-1819,-1662,-29983,-29984,-29986,-12833,-12833,-12833]} 1. d4 g6 2. g3 Bg7 3. Bg2 c5 4. d5 d6 5. c4 b5 6. Nf3 {A43: Schmid Benoni} Nf6 7. O-O (7. cxb5 Qa5+ 8. Bd2 Qxb5 9. Bc3 O-O 10. O-O Bb7 11. Na3 Qa6 12. Ne1 Nbd7 13. e4 Nb6 14. Qc2 Na4 15. Bxf6 Bxf6 16. Nc4 Qb5 17. Nd3 {0-1 (40) Wang,H (2735)-Giri,A (2734) Beijing 2013}) 7... Bb7 8. Qc2 {White has an edge.} bxc4 9. e4 Nfd7 $146 ({Predecessor:} 9... Nbd7 10. Na3 O-O 11. Nxc4 Ng4 12. Bf4 {0-1 (31) Reichmann,H (2289)-Becker,W (2333) Germany 2005}) 10. Bd2 Na6 11. a3 (11. Bc3 $5 {[%cal Rc3g7]} Nb4 12. Qd2 $11) 11... O-O 12. Bc3 Bxc3 13. Nxc3 e6 (13... Nc7 $11) 14. Rad1 (14. dxe6 $1 $14 fxe6 15. Rad1) 14... Nb6 ({Black should play} 14... e5 $11) 15. Rfe1 (15. dxe6 $1 $14 fxe6 16. Qd2) 15... exd5 $15 16. Nxd5 Bxd5 17. exd5 Nc7 18. h4 Re8 19. Rxe8+ Qxe8 20. Qd2 Qa4 (20... Qe7 $17 21. Ng5 Re8) 21. Ng5 Re8 22. Rc1 (22. Ne4 $11) 22... Qd7 23. Rc3 (23. Ne4 $142 Nbxd5 24. Rxc4) 23... Re5 $36 {[%mdl 2048] White is under strong pressure.} 24. f4 (24. Rf3 $17 {was necessary.} Rxd5 25. Qc2) 24... Re8 25. f5 (25. h5 {is a better defense.}) 25... Qxf5 $19 ({Less strong is} 25... gxf5 26. Kh2 $19) 26. Rf3 Qxd5 27. Qa5 $2 (27. Qxd5 Ncxd5 28. Nxf7) 27... Qd4+ {[%mdl 64] [#] Double Attack} 28. Kh1 f6 29. Qxa7 Nbd5 30. Nh3 Qxb2 {...Re1+ is the strong threat.} 31. Rf1 Qe5 32. Nf4 c3 33. Qb7 Ne3 34. Re1 d5 35. Qc6 d4 36. h5 g5 37. Nd3 Qxg3 38. Rxe3 Rxe3 39. Qxf6 Re6 (39... Rxd3 $142 40. Qd8+ Kf7 41. Bd5+ Nxd5 {[%mdl 64] Overworked Piece} 42. Qxd5+ Kf6 43. Qc6+ Kf5 44. Qd7+ Kf4 45. Qd6+ Kf3 46. Qf6+ Ke3 47. Qe7+ Kd2 48. Qe4 Qh3+ {[%mdl 64] Double Attack} 49. Kg1 Rg3+ 50. Kf2 Qh2+ 51. Kf1 Qg1#) 40. Qd8+ Kg7 {Accuracy: White = 15%, Black = 50%.} 0-1

[Event "12th Chennai Open 2020"]
[Site "Chennai"]
[Date "2020.01.24"]
[Round "9.6"]
[White "Harikrishnan.A.Ra"]
[Black "Mchedlishvili, Mikheil"]
[Result "0-1"]
[WhiteElo "2444"]
[BlackElo "2578"]
[Annotator "TA"]
[PlyCount "80"]
[EventDate "2020.01.19"]
[EventType "swiss"]
[EventCountry "IND"]
[SourceTitle "playchess.com"]
[Source "ChessBase"]
[SourceQuality "1"]

{[%evp 9,80,-5,-23,-23,-15,-5,-4,-10,-8,-16,-19,-20,-10,-13,-7,-7,-14,-25,-19,-50,-44,-46,-50,-49,-43,-48,-42,-50,-38,-25,0,-66,-66,-56,-60,-68,-73,-79,-38,-55,-39,-168,-150,-182,-183,-267,-200,-206,-212,-282,-282,-284,-267,-258,-249,-268,-268,-268,-263,-399,-397,-381,-390,-373,-365,-366,-342,-29974,-29978,-29978,-29979,-29979,-29980]} 1. Nf3 c5 2. g3 g6 3. Bg2 Bg7 4. c3 e5 5. d4 cxd4 6. cxd4 {A04: Unusual lines after 1 Nf3 and King's Indian Attack} e4 $1 {[%cal Re4f3]} 7. Ne5 d5 $146 ({Predecessor:} 7... d6 8. Qa4+ Kf8 9. Nc4 d5 10. Qa3+ Ne7 11. Nd6 Nbc6 12. e3 {0-1 (39) Gronn,A (2352)-Tari,A (2615) Sarpsborg 2018}) 8. Qa4+ {The position is equal.} Nd7 9. Nc3 Ne7 $1 10. Bh3 f6 11. Nxd7 Bxd7 12. Bxd7+ Qxd7 13. Qxd7+ Kxd7 14. f4 Ke6 15. e3 Nc6 16. a3 Na5 17. Bd2 Nb3 18. Rb1 Rhc8 19. Kd1 Bf8 20. Kc2 (20. g4 $11) 20... Na5 $15 21. Kd1 Nc4 22. g4 f5 $36 {[%mdl 2048] Black is in control.} 23. g5 Be7 24. h4 {[#]} h6 $1 {[%mdl 512]} 25. Ne2 ({White should play} 25. Ke2 $15) (25. gxh6 Rh8) 25... Rh8 $19 26. Ng3 hxg5 27. fxg5 (27. hxg5 $142 Rxh1+ 28. Nxh1) 27... Bd6 28. Ne2 Rh5 $1 29. Nf4+ Bxf4 $1 30. exf4 Rah8 31. Be1 Ne3+ $1 32. Ke2 {[#]} Ng2 $1 {[%cal Rg2f4]} 33. Bg3 Nxh4 34. Bxh4 (34. Rbc1 $142) 34... Rxh4 35. Rxh4 Rxh4 {KR-KR} 36. Ke3 Rh3+ 37. Ke2 Rf3 38. Rf1 $2 (38. Rh1 $19) 38... Rxf1 {Black mates.} 39. Kxf1 Kd6 40. b4 {[#]} a5 $1 {[%mdl 512] Accuracy: White = 42%, Black = 85%.} 0-1

[Event "12th Chennai Open 2020"]
[Site "Chennai"]
[Date "2020.01.24"]
[Round "9.7"]
[White "Viani Antonio Dcunha"]
[Black "Fedorov, Alexei"]
[Result "1/2-1/2"]
[WhiteElo "2417"]
[BlackElo "2562"]
[Annotator "TA"]
[PlyCount "114"]
[EventDate "2020.01.19"]
[EventType "swiss"]
[EventCountry "IND"]
[SourceTitle "playchess.com"]
[Source "ChessBase"]
[SourceQuality "1"]

{[%evp 15,114,16,36,0,0,0,0,0,0,0,2,8,22,-37,-39,-46,-2,-2,0,0,14,0,22,25,43,7,21,0,0,-11,-25,-25,-29,-7,0,0,25,31,131,125,126,124,121,124,114,0,107,121,186,9,21,0,0,0,335,0,0,0,0,0,0,0,0,0,0,0,0,0,0,0,0,0,0,0,0,0,0,0,0,0,0,0,0,0,0,0,0,0,0,0,0,0,0,0,0,0,0,0,0,0,0]} 1. e4 c5 2. Nf3 e6 3. d4 cxd4 4. Nxd4 Nf6 5. Nc3 Nc6 6. Nxc6 bxc6 7. e5 Nd5 8. Ne4 Bb7 9. c4 {B45: Sicilian Four Knights} (9. Be2 c5 10. O-O Qc7 11. Nd6+ Bxd6 12. exd6 Qc6 13. f3 c4 14. Qd4 O-O 15. Bxc4 Qxd6 16. Rd1 Rfc8 {½-½ (66) Giri,A (2769)-Grachev,B (2614) Moscow 2019}) 9... Nb4 $1 10. c5 Qb8 11. Nd6+ Bxd6 $1 12. exd6 {Qg4 is the strong threat.} a5 $146 ({Predecessor:} 12... Ba6 13. Qg4 Kf8 14. Bxa6 Nxa6 15. Qc4 Qb4+ 16. Qxb4 Nxb4 {½-½ (25) Van der Wiel,J (2509)-Rabiega,R (2512) Essen 2002}) 13. a3 Nd5 14. Qd4 (14. Bc4 $11) 14... O-O $15 15. Bc4 Ba6 (15... e5 $5 {[%cal Re5d4]} 16. Qd3 Qa7 $15) 16. b3 {[%cal Bb2b3,Bb3c4][%mdl 32]} e5 17. Qd3 Qa7 18. O-O Rfe8 (18... a4 $5) 19. Re1 Re6 20. Ra2 (20. Rb1 {looks sharper.} f5 21. Bd2 Bxc4 22. bxc4 Nf6 23. Rb6) 20... Bxc4 21. bxc4 Nf4 22. Bxf4 exf4 23. Rxe6 fxe6 $11 {[%mdl 4096] Endgame KQR-KQR} 24. Qd4 Rf8 25. Rb2 Rf5 26. Rb6 a4 {[#]} ({Better is} 26... Rf8 $14) 27. Rxc6 $1 $16 dxc6 28. d7 Rf8 29. d8=Q Rxd8 30. Qxd8+ {KQ-KQ} Kf7 31. Qd6 {[%mdl 64] [#] Double Attack} g5 (31... Qb7 $16 32. Qxf4+ Ke7 33. Qh4+ Kf7 34. Qf4+ (34. Qxh7 Qb2 $11) 34... Kg6 35. Qg4+ Kf6 36. Qd4+ Kf7 37. Qf4+) 32. h4 $2 (32. Qxc6 $18 {Black must now prevent h4!} Qa5 33. Qd7+ Kf8 34. Qd6+ (34. Qxe6 Qxc5 35. Qf6+ Ke8 $16) 34... Kf7 35. Qe5) 32... Qa5 $1 $11 33. Qd7+ Kf6 34. Qb7 Kf5 $2 {[%mdl 8192]} (34... Qe1+ $11 {and Black has nothing to worry.} 35. Kh2 gxh4 36. Qxc6 Qxf2) 35. hxg5 $2 (35. Qxh7+ $18 Kf6 36. Qh6+ {[%mdl 64] Double Attack} Kf7 37. Qh5+ (37. hxg5 Qe1+ 38. Kh2 Qxf2 $16) 37... Kf8 38. Qxg5 (38. hxg5 Qe1+ 39. Kh2 Qxf2 $16) 38... Qe1+ 39. Kh2 Qxf2 40. Qf6+ {[%mdl 64] Double Attack} Ke8 41. Qxe6+ {[%mdl 64] Double Attack} Kf8 42. Qf6+ Kg8 43. Qg5+ Kh8 44. Kh3) 35... Qe1+ {The position is equal.} 36. Kh2 Kxg5 37. Qg7+ Kf5 38. Qxh7+ Kg5 39. Qg7+ Kf5 40. Qf7+ Kg5 41. Qg7+ Kf5 42. Qh7+ Kg5 43. Qg8+ Kf6 44. Qf8+ Kg5 45. Qd8+ Kf5 46. Qf8+ Kg5 47. Qd6 Qxf2 48. Qe5+ Kh4 49. Qf6+ Kh5 50. Qe5+ Kh4 51. Qf6+ Kh5 {( -> ...Qh4+)} 52. Qxe6 Qxc5 53. Qe4 Kg5 54. Qd3 Kf6 55. Qe4 Kg5 56. Qd3 Qe7 57. Qc3 Qc5 {Accuracy: White = 61%, Black = 57%.} 1/2-1/2